<?xml version="1.0" encoding="UTF-8"?>
<record
    xmlns:xsi="http://www.w3.org/2001/XMLSchema-instance"
    xsi:schemaLocation="http://www.loc.gov/MARC21/slim http://www.loc.gov/standards/marcxml/schema/MARC21slim.xsd"
    xmlns="http://www.loc.gov/MARC21/slim">

  <leader>01085nam a22002657a 4500</leader>
  <controlfield tag="003">OSt</controlfield>
  <controlfield tag="005">20170210143322.0</controlfield>
  <controlfield tag="008">170210s2016    spc||||  |||| 0|0 0 cat|d</controlfield>
  <datafield tag="020" ind1=" " ind2=" ">
    <subfield code="a">9788460843535 (obra completa)</subfield>
  </datafield>
  <datafield tag="020" ind1=" " ind2=" ">
    <subfield code="a">9788461760046 (vol. 1)</subfield>
  </datafield>
  <datafield tag="020" ind1=" " ind2=" ">
    <subfield code="a">9788461760053 (vol. 2)</subfield>
  </datafield>
  <datafield tag="020" ind1=" " ind2=" ">
    <subfield code="a">9788461760060 (vol. 3)</subfield>
  </datafield>
  <datafield tag="040" ind1=" " ind2=" ">
    <subfield code="b">cat</subfield>
    <subfield code="c">CDMR</subfield>
  </datafield>
  <datafield tag="245" ind1="0" ind2="0">
    <subfield code="a">Hist&#xF2;ria del periodisme de Catalunya </subfield>
    <subfield code="c">[direcci&#xF3; editorial : Francesc Canosa ; direcci&#xF3; cient&#xED;fica : Josep M. Figueres ; autors : Andr&#xE9;s Antebi ...[et al.]]</subfield>
  </datafield>
  <datafield tag="260" ind1=" " ind2=" ">
    <subfield code="a">Barcelona :</subfield>
    <subfield code="b">S&#xE0;piens,</subfield>
    <subfield code="c">2016</subfield>
  </datafield>
  <datafield tag="300" ind1=" " ind2=" ">
    <subfield code="a">3 v. (230, 198, 214 p.) :</subfield>
    <subfield code="b">il. ;</subfield>
    <subfield code="c">27 cm</subfield>
  </datafield>
  <datafield tag="504" ind1=" " ind2=" ">
    <subfield code="a">Cronologia. &#xCD;ndex</subfield>
  </datafield>
  <datafield tag="505" ind1="8" ind2=" ">
    <subfield code="a">Cont&#xE9;: Vol. 1, Dels inicis a la Guerra Civil ; Vol. 2, La dictadura franquista ; Vol. 3, De la transici&#xF3; al segle XXI</subfield>
  </datafield>
  <datafield tag="650" ind1="0" ind2="4">
    <subfield code="a">Periodisme</subfield>
    <subfield code="z">Catalunya</subfield>
    <subfield code="9">3172</subfield>
    <subfield code="x">Hist&#xF2;ria</subfield>
  </datafield>
  <datafield tag="650" ind1="0" ind2="0">
    <subfield code="a">Premsa</subfield>
    <subfield code="z">Catalunya</subfield>
    <subfield code="9">1524</subfield>
    <subfield code="x">Hist&#xF2;ria</subfield>
  </datafield>
  <datafield tag="700" ind1="1" ind2=" ">
    <subfield code="a">Canosa i Farran, Francesc,</subfield>
    <subfield code="e">ed.</subfield>
  </datafield>
  <datafield tag="700" ind1="1" ind2=" ">
    <subfield code="a">Figueres i Artigues, Josep Maria</subfield>
    <subfield code="q">(Josep Maria),</subfield>
    <subfield code="d">1950- ,</subfield>
    <subfield code="e">ed.</subfield>
    <subfield code="9">13</subfield>
  </datafield>
  <datafield tag="700" ind1=" " ind2=" ">
    <subfield code="a">Antebi, Andr&#xE9;s</subfield>
    <subfield code="9">4614</subfield>
  </datafield>
  <datafield tag="942" ind1=" " ind2=" ">
    <subfield code="c">MON</subfield>
  </datafield>
  <datafield tag="999" ind1=" " ind2=" ">
    <subfield code="c">6999</subfield>
    <subfield code="d">6999</subfield>
  </datafield>
  <datafield tag="952" ind1=" " ind2=" ">
    <subfield code="0">0</subfield>
    <subfield code="1">0</subfield>
    <subfield code="4">0</subfield>
    <subfield code="7">0</subfield>
    <subfield code="a">CDMR</subfield>
    <subfield code="b">CDMR</subfield>
    <subfield code="d">2017-02-10</subfield>
    <subfield code="e">Intercanvi</subfield>
    <subfield code="g">85.00</subfield>
    <subfield code="l">0</subfield>
    <subfield code="o">Du 7/46</subfield>
    <subfield code="p">CDMR17021258</subfield>
    <subfield code="r">2017-02-10</subfield>
    <subfield code="t">Vol. 1</subfield>
    <subfield code="v">85.00</subfield>
    <subfield code="w">2017-02-10</subfield>
    <subfield code="y">MON</subfield>
  </datafield>
  <datafield tag="952" ind1=" " ind2=" ">
    <subfield code="0">0</subfield>
    <subfield code="1">0</subfield>
    <subfield code="4">0</subfield>
    <subfield code="7">0</subfield>
    <subfield code="a">CDMR</subfield>
    <subfield code="b">CDMR</subfield>
    <subfield code="d">2017-02-10</subfield>
    <subfield code="l">0</subfield>
    <subfield code="o">Du 7/47</subfield>
    <subfield code="p">CDMR17021259</subfield>
    <subfield code="r">2017-02-10</subfield>
    <subfield code="t">Vol. 2</subfield>
    <subfield code="w">2017-02-10</subfield>
    <subfield code="y">MON</subfield>
  </datafield>
  <datafield tag="952" ind1=" " ind2=" ">
    <subfield code="0">0</subfield>
    <subfield code="1">0</subfield>
    <subfield code="4">0</subfield>
    <subfield code="7">0</subfield>
    <subfield code="a">CDMR</subfield>
    <subfield code="b">CDMR</subfield>
    <subfield code="d">2017-02-10</subfield>
    <subfield code="l">1</subfield>
    <subfield code="o">Du 7/48</subfield>
    <subfield code="p">CDMR17021260</subfield>
    <subfield code="r">2025-04-16</subfield>
    <subfield code="s">2025-03-17</subfield>
    <subfield code="t">Vol. 3</subfield>
    <subfield code="w">2017-02-10</subfield>
    <subfield code="y">MON</subfield>
  </datafield>
  <datafield tag="952" ind1=" " ind2=" ">
    <subfield code="0">0</subfield>
    <subfield code="1">0</subfield>
    <subfield code="4">0</subfield>
    <subfield code="7">0</subfield>
    <subfield code="a">LLEIDA</subfield>
    <subfield code="b">LLEIDA</subfield>
    <subfield code="d">2017-06-07</subfield>
    <subfield code="l">0</subfield>
    <subfield code="o">792 PER (1)</subfield>
    <subfield code="p">LLEIDA17060005</subfield>
    <subfield code="r">2017-06-07</subfield>
    <subfield code="t">Vol. 1</subfield>
    <subfield code="w">2017-06-07</subfield>
    <subfield code="y">MON</subfield>
  </datafield>
  <datafield tag="952" ind1=" " ind2=" ">
    <subfield code="0">0</subfield>
    <subfield code="1">0</subfield>
    <subfield code="4">0</subfield>
    <subfield code="7">0</subfield>
    <subfield code="a">LLEIDA</subfield>
    <subfield code="b">LLEIDA</subfield>
    <subfield code="d">2017-06-07</subfield>
    <subfield code="l">0</subfield>
    <subfield code="o">792 PER (2)</subfield>
    <subfield code="p">LLEIDA17060006</subfield>
    <subfield code="r">2017-06-07</subfield>
    <subfield code="t">Vol. 2</subfield>
    <subfield code="w">2017-06-07</subfield>
    <subfield code="y">MON</subfield>
  </datafield>
  <datafield tag="952" ind1=" " ind2=" ">
    <subfield code="0">0</subfield>
    <subfield code="1">0</subfield>
    <subfield code="4">0</subfield>
    <subfield code="7">0</subfield>
    <subfield code="a">LLEIDA</subfield>
    <subfield code="b">LLEIDA</subfield>
    <subfield code="d">2017-06-07</subfield>
    <subfield code="l">0</subfield>
    <subfield code="o">792 PER (3)</subfield>
    <subfield code="p">LLEIDA17060007</subfield>
    <subfield code="r">2017-06-07</subfield>
    <subfield code="t">Vol. 3</subfield>
    <subfield code="w">2017-06-07</subfield>
    <subfield code="y">MON</subfield>
  </datafield>
  <datafield tag="952" ind1=" " ind2=" ">
    <subfield code="0">0</subfield>
    <subfield code="1">0</subfield>
    <subfield code="4">0</subfield>
    <subfield code="7">0</subfield>
    <subfield code="a">LLEIDA</subfield>
    <subfield code="b">LLEIDA</subfield>
    <subfield code="d">2017-06-07</subfield>
    <subfield code="l">0</subfield>
    <subfield code="o">793 PER (1)</subfield>
    <subfield code="p">LLEIDA17060008</subfield>
    <subfield code="r">2017-06-07</subfield>
    <subfield code="t">Vol. 1</subfield>
    <subfield code="w">2017-06-07</subfield>
    <subfield code="y">MON</subfield>
  </datafield>
  <datafield tag="952" ind1=" " ind2=" ">
    <subfield code="0">0</subfield>
    <subfield code="1">0</subfield>
    <subfield code="4">0</subfield>
    <subfield code="7">0</subfield>
    <subfield code="a">LLEIDA</subfield>
    <subfield code="b">LLEIDA</subfield>
    <subfield code="d">2017-06-07</subfield>
    <subfield code="l">0</subfield>
    <subfield code="o">793 PER (2)</subfield>
    <subfield code="p">LLEIDA17060009</subfield>
    <subfield code="r">2017-06-07</subfield>
    <subfield code="t">Vol. 2</subfield>
    <subfield code="w">2017-06-07</subfield>
    <subfield code="y">MON</subfield>
  </datafield>
  <datafield tag="952" ind1=" " ind2=" ">
    <subfield code="0">0</subfield>
    <subfield code="1">0</subfield>
    <subfield code="4">0</subfield>
    <subfield code="7">0</subfield>
    <subfield code="a">LLEIDA</subfield>
    <subfield code="b">LLEIDA</subfield>
    <subfield code="d">2017-06-07</subfield>
    <subfield code="l">0</subfield>
    <subfield code="o">793 PER (3)</subfield>
    <subfield code="p">LLEIDA17060010</subfield>
    <subfield code="r">2017-06-07</subfield>
    <subfield code="t">Vol. 3</subfield>
    <subfield code="w">2017-06-07</subfield>
    <subfield code="y">MON</subfield>
  </datafield>
</record>
